000 00395nam a2200145Ia 4500
008 240729s9999 xx 000 0 und d
022 _a2735-5896
245 0 _aSohag Engineering Journal
260 _aEgypt
260 _bFaculty of Engineering, Sohag University
650 _aTechnology
856 _uhttps://doaj.org/toc/d42437eb13294e40aa9ea0156ff1d539
942 _2ddc
942 _cDOAJEJ
999 _c69978
_d69978
945 _a1
_bMadushi Gamage
_c1
_dMadushi Gamage